Far Beyond Driven Album Tracklist - Pantera - Statistics

General Stats
  • This quiz has been taken 51 times
  • The average score is 10 of 12
Answer Stats
Hint Answer % Correct
3 5 Minutes Alone
95%
2 Becoming
95%
12 Planet Caravan
95%
4 I'm Broken
86%
8 25 Years
84%
5 Good Friends and a Bottle of Pills
84%
1 Strength Beyond Strength
78%
10 Use My Third Arm
78%
7 Slaughtered
76%
9 Shedding Skin
73%
6 Hard Lines, Sunken Cheeks
68%
11 Throes of Rejection
68%
No matching quizzes found
Score Distribution
Percent of People with Each Score
Percentile by Number Answered
Your Score History
You have not taken this quiz